Revista Trace

Detalles Bibliográficos
Autor Corporativo: Centro de Estudios Mexicanos y Centroamericanos
Formato: eBook
Lenguaje:español
Publicado: [s.l.] : Centro de Estudios Mexicanos y Centroamericanos, 2007 -
Materias:
Acceso en línea:Acceso restringido

MARC

LEADER 00000nam a22000007a 4500
005 20130709182140.0
007 cr|||| ||||
008 130709s20079999mx |||| s|||| 0||| 1spa d
035 |a 11356 
040 |a vLex 
090 |c 4400  |d 4400 
245 0 0 |a Revista Trace  |h [Recurso electrn̤ico] 
256 |a Servicio en ln̕ea 
260 |a [s.l.] :  |b Centro de Estudios Mexicanos y Centroamericanos,  |c 2007 - 
300 |a 1 recurso electrn̤ico 
310 |a Bianual 
506 1 |a Contenido solo disponible en los productos indicados  |d vLex Global  |d vLex Global (Academic Edition, excluding Law Schools)  |d vLex Global (U.S. Academic Edition, Law Schools)  |d vLex Global (U.S. Academic Edition, excluding Law Schools)  |d vLex Global (Academic Edition, Law Schools) 
650 0 4 |a Emigracin̤ e inmigracin̤  
710 2 |a Centro de Estudios Mexicanos y Centroamericanos 
740 0 |a vLex Libros (Servicio en ln̕ea) 
856 4 0 |u http://vlex.com/source/revista-trace-11356  |z Acceso restringido 
942 |c REV 
999 0 |a Emigration and immigration